000 00681nam a2200277Ia 4500
005 20260324130658.0
008 008 260324s9999 xx 000 0 eng d
020 _a9781315219998
037 _aEBOOK
040 _aCRL
040 _beng
040 _cCRL
041 _2eng
041 _aeng
084 _qCRL
100 _aShigeo(decease) Shionoya; William M. Yen; Hajime Yamamoto
_91182687
245 0 _aMeasurements of Phosphor Properties
260 _bTaylor and Francis
260 _c2007
365 _a
365 _b225
856 _uhttp://www.taylorfrancis.com/books/9781315219998
942 _cEBOOK
999 _c1779068
_d1779068